ბათუმის შოთა რუსთაველის სახელმწიფო უნივერსიტეტის ბიბლიოთეკა

ჩაგვრის სოციალური და პოლიტიკური ასპექტები : (ბიბ.ჩანაწერი № 51564)

000 -ლიდერი
ფიქსირებული სიგრძის საკონტროლო ველი 01396nam a2200253Ia 4500
001 - საკონტროლო ნომერი
საკონტროლო ველი 18555
003 - საკონტროლო ნომრის იდენტიფიკატორი
საკონტროლო ველი GE_BSU
005 - ბოლო ოპერაციის თარიღი და დრო
საკონტროლო ველი 20230313150305.0
008 - ფიქსირებული სიგრძის მონაცემთა ელემენტები - ზოგადი ინფორმაცია
ფიქსირებული სიგრძის საკონტროლო ველი 181216s2016||||ge |||||||||||||| ||geo||
020 ## - წიგნის საერთაშორისო სტანდარტული ნომერი
International Standard Book Number 9789941465246
040 ## - კატალოგიზაციის წყარო
Transcribing agency GE_BSU
041 ## - ენის კოდი
Language code of text/sound track or separate title geo
080 ## - უნივერსალური ათობითი კლასიფიკაციის ინდექსი
Universal Decimal Classification number 321 ჩ-12
245 ## - ცნობა სათაურის შესახებ
Title ჩაგვრის სოციალური და პოლიტიკური ასპექტები :
Remainder of title თეორია და პრაქტიკა /
Statement of responsibility, etc რედაქტორი: ლაშა ქავთარაძე; გამოცემაზე პასუხისმგებელი: თამუნა ქებურია; ადამიანის და უფლებების სწავლებისა და მონიტორინგის ცენტრი (EMC).
264 ## - წარმოების, გამოცემის, დისტრიბუციის და სხვა ცნობები
გამოცემის, წარმოების, დისტრიბუციის... ადგილი თბილისი,
გამოცემის, წარმოების, დისტრიბუციის... თარიღი 2016.
300 ## - ფიზიკური აღწერა
Extent 149 გვ.;
Other physical details 19 სმ.
653 ## - INDEX TERM--UNCONTROLLED
Uncontrolled term პოლიტიკა
653 ## - INDEX TERM--UNCONTROLLED
Uncontrolled term ადამიანის უფლებები.
653 ## - INDEX TERM--UNCONTROLLED
Uncontrolled term ადამიანის თავისუფლებები.
653 ## - INDEX TERM--UNCONTROLLED
Uncontrolled term სოციალური პოლიტიკა.
700 ## - ADDED ENTRY--PERSONAL NAME
Personal name ქავთარაძე, ლაშა
Relator term რედაქტორი
9 (RLIN) 17191
700 ## - ADDED ENTRY--PERSONAL NAME
Personal name ქებურია, თამუნა
Relator term პასუხისმგებელი
9 (RLIN) 17192
942 ## - ADDED ENTRY ELEMENTS (KOHA)
Koha item type წიგნი
Source of classification or shelving scheme
ეგზემპლარები
ჩამოწერის სტატუსი დაკარგული ეგზემპლარის სტატუსი კლასიფიკაციის წყარო ან თაროზე გაწყობის სქემა დაზიანების სტატუსი არ გაიცემა მუდმივი მდებარეობა (დაცვის ადგილი) ამჟამინდელი ადგილსამყოფელი თაროზე განთავსების ადგილი შეძენის თარიღი სრული შენახვის შიფრი შტრიხკოდი ბოლო ოპერაციის თარიღი ეგზემპლარის მიმდევრობითი ნომერი (კეტერი?) ფასის ძალაში შესვლის თარიღი ეგზემპლარის სახეობა
          ბათუმის შოთა რუსთაველის სახელმწიფო უნივერსიტეტის მთავარი ბიბლიოთეკა ბათუმის შოთა რუსთაველის სახელმწიფო უნივერსიტეტის მთავარი ბიბლიოთეკა წიგნსაცავი 2018-12-17 321 ჩ-12 47981 2018-12-17 47981 2018-12-17 წიგნი